000 01131nam0a2200325 i 4500
001 RU\NLR\BIBL_A\011500344
005 20240921183038.0
010 _a9785957332381
_91000
021 _aRU
_b2017-71723
_95106
035 _a(RuMoRGB)009400382
035 _a(NLR Aleph) 011500344
090 _a11994094
_c11994094
100 _a20171019d2017 km y0rusy50 ca
101 0 _arus
102 _aRU
105 _aac||y|||000zy
200 1 _aСупружество
_eкак вера помогает обрести и сохранить семейное счастье
_fЭли Сегед
210 _aСанкт-Петербург
_cВесь
_d2017
215 _a159, [1] с.
_cил., портр.
_d22
225 1 _aИздательская группа "Весь" - добрые вести
333 _a16+
606 _aСемья и брак
_xРелигиозная концепция
_92104654
_3RU\NLR\AUTH\661272494
686 _aС555.53,0
_2rubbk
686 _aЮ937.3,0
_2rubbk
686 1 _aЭ211.32
700 1 _aСегед
_bЭ.
_gЭли
942 _cBOOK
980 _aNBR